The Three Faces of Leadership : Manager, Artist, Priest /

Salvato in:
Dettagli Bibliografici
Autore principale: Hatch, May Jo (autor)
Altri autori: Kostera, Monika (autor) (autor), Kozminski, Andrzej K. (autor) (autor)
Natura: Libro
Lingua:inglese
Pubblicazione: Victoria, Australia : Blackwell, 2005, c2005
Soggetti:
Tags: Aggiungi Tag
Nessun Tag, puoi essere il primo ad aggiungerne!!

MARC

LEADER 00000nam^a2200000^a^4500
001 000178485
005 20250521000000.0
005 20250521000000.0
009 20260310101749.686
020 |a 1-4051-2259-5 
037 |a Acervo ITESO - Biblioteca 
041 |a ING 
082 |a 658. 4092  |b HAT 
100 |a Hatch, May Jo  |e (autor) 
245 1 4 |a The Three Faces of Leadership :  |b Manager, Artist, Priest /  |c M.J. Hatch, M. Kostera, A.K. Kozminski. 
264 4 |a Victoria, Australia :  |b Blackwell,  |c 2005, c2005 
300 |a XII. 169 p. 
336 |a texto  |b txt  |2 rdacontenido 
337 |a sin mediación  |b n  |2 rdamedio 
338 |a volumen  |b nc  |2 rdasoporte 
649 |a XX 
650 |a Valores 
650 |a Empresas -  |x Administración 
650 |a Etica Profesional 
650 |a Axiología 
650 |a Liderazgo 
650 |a Proceso Administrativo 
650 |a Etica en los Negocios 
650 |a Ciencias Administrativas 
650 |a Desarrollo de Ejecutivos 
650 |a Exito Administrativo 
650 |a Conducta de Vida 
700 |a Kostera, Monika  |e (autor) 
700 |a Kozminski, Andrzej K.  |e (autor) 
910 |a Fondo General 
920 |a Impresos - Libros 
930 |a Colección General 
905 |a 101 
901 |a 0500117429  |b IT1  |c ACC  |u 20250521 
902 |a https://opac.biblio.iteso.mx/vufind/Record/000178485